Elektrárne
Saved in:
| Main Author: | |
|---|---|
| Format: | Book |
| Language: | Slovak |
| Published: |
Košice :
Technická univerzita v Košiciach,
2006
|
| Tags: |
No Tags, Be the first to tag this record!
|
MARC
| LEADER | 00000nam a22000003a 4500 | ||
|---|---|---|---|
| 001 | stu290739 | ||
| 005 | 20230823124405.5 | ||
| 008 | 140609s--------xo------------------slo-d | ||
| 020 | |a 80-8073-704-5 | ||
| 040 | |a STU |b slo | ||
| 041 | 0 | |a slo | |
| 044 | |a xo | ||
| 080 | |a 621.311.25:621.039 | ||
| 100 | 1 | |a Kolektív autorov |4 aut | |
| 245 | 1 | |a Elektrárne | |
| 260 | |a Košice : |b Technická univerzita v Košiciach, |c 2006 | ||
| 300 | |a 453 s. | ||
| 996 | |b 284EK89360 |c E*89360 |l EE01 |s A |a 24 |w stu290739_0001 | ||